Ochrana spotrebiteľa na finančnom trhu bakalárska práca

Salvato in:
Dettagli Bibliografici
Autore principale: Vaculčíková, Miroslava
Enti autori: Ekonomická univerzita v Bratislave. Národohospodárska fakulta, Univerzita Komenského v Bratislave. Právnická fakulta
Altri autori: Koroncziová, Andrea
Natura: Libro
Lingua:slovacco
Pubblicazione: Bratislava 2018
Tags: Aggiungi Tag
Nessun Tag, puoi essere il primo ad aggiungerne!!

MARC

LEADER 00000nbm a2200000 4500
001 0245957
005 20200113141254.2
041 0 |a slo 
044 |a SK 
245 1 0 |a Ochrana spotrebiteľa na finančnom trhu  |b bakalárska práca  |c Miroslava Vaculčíková ; školiteľ: Andrea Koroncziová 
264 1 |a Bratislava  |c 2018 
300 |a 52 s. 
100 1 |a Vaculčíková, Miroslava 
700 1 |a Koroncziová, Andrea 
710 2 |a Ekonomická univerzita v Bratislave. Národohospodárska fakulta 
710 2 |a Univerzita Komenského v Bratislave. Právnická fakulta